| 000 | 00620nam a2200241 i 4500 | ||
|---|---|---|---|
| 001 | bgj | ||
| 100 | 1 | _aFISKE, John | |
| 245 | 1 | 0 |
_aReading the Popular / _cJohn Fiske. |
| 250 | _a[Reprint]. | ||
| 260 |
_aLondon : _bRoutledge, _c1995. |
||
| 300 |
_aXI, 228 pp ; _c22 cm. |
||
| 500 | _a1st published 1989 by Unwin Hyman. | ||
| 504 | _aReferences p. 219-223. | ||
| 505 | _aIncludes index. | ||
| 650 | 9 | _aPopular culture | |
| 650 | 9 | _aCapitalism | |
| 020 | _a041507875X (pbk) | ||
| 040 | _cBPK | ||
| 041 | 0 | _aeng | |
| 920 | _a0-415-07875-X (pbk) | ||
| 942 | _cKS | ||
| 008 | s uk f |000 0 eng | ||
| 999 |
_c50162 _d50162 |
||
| 856 |
_uhttp://koha.tu.koszalin.pl/cgi-bin/koha/opac-detail.pl?biblionumber=50162 _yKatalog online BPK |
||